Statistics for Deaths in Lord of the Rings (Films)

Click here to take the quiz!

General Stats

  • This quiz has been taken 87 times
  • The average score is 12 of 24

Answer Stats

Cause of DeathAnswer% Correct
Shot by Uruk-haiBoromir
94%
Fell into the Cracks of DoomSméagol/Gollum
83%
Stabbed by GrimaSaruman
79%
Crushed by his horseThéoden
79%
Died after the destruction of the RingSauron
74%
Curse broken by Merry and killed by ÉowynWitchking of Angmar
74%
Ambushed by OrcsIsildur
73%
Burned on his funeral pyreDenethor II
61%
Shot by LegolasGrima Wormtongue
61%
Died in a duellGandalf
56%
Killed by SauronElendil
53%
Decapitated by AragornMouth of Sauron
44%
StrangledDéagol
43%
Died in a duellDurin's Bane
43%
DecapitatedLurtz
43%
Eaten by a WargHáma
33%
Killed by Aragorn and Gimli in unisomGothmog
31%
Succumbed to his woundsThéodred
31%
Killed by ÉomerUgluk
30%
Slash in the backHaldir
29%
CrushedGrishnakh
19%
Shot by a arrows in the troath*Cave Troll
16%
Slain by Éowyn*Fellbeast
14%
DecapitatedSnaga
9%

Score Distribution

Percentile by Number Answered

Percent of People with Each Score

Your Score History

You have not taken this quiz